000 00473nam a2200145 i 4500
001 62405
003 ES-MaACL
005 20230906164648.0
007 t|
008 031120s1916 sp ||||1| spa d
100 1 _aFernández, Mariano.
_949405
245 1 0 _aConferencia dada en el balneario del Vichy catalán ante la Comisión de l'Asociación de Metics de la Llengua Catalana /
_cMariano Fernández.
260 _aMadrid :
_b[s.n.,
_c1916]
852 _aES-MaACL
_j1561-F-21
999 _c62405
_d62405